Zdobywcy Złotej Piłki - Statystyki

Ogólne statystyki
  • Ten quiz został rozwiązany 78 razy
  • Średni wynik to 4 z 10
Statystyki odpowiedzi
Narodowość Ilość Nazwa Piłkarza % Poprawnych
Portugalia 5 Cristiano Ronaldo
100%
Argentyna 7 Lionel Messi
100%
Holandia 3 Marco Van Basten
48%
Brazylia 2 Ronaldo Nazario
42%
Francja 3 Michael Platini
39%
Niemcy 2 Franz Beckenbauer
29%
Hiszpania 2 Alfredo Di Stefano
24%
Holandia 3 Johan Cruijff
11%
Niemcy 2 Karl-Heinz Rummenigge
11%
Anglia 2 Kevin Keegan
11%
Nie znaleziono quizów pasujących do podanych kryteriów
Rozkład punktacji
Procent ludzi z każdym wynikiem
Percentyl według liczby udzielonych odpowiedzi
Twoja historia wyników
Nie rozwiązałeś tego quizu